Cost and management accounting: vol.II, management accounting (Record no. 62558)

MARC details
000 -LEADER
fixed length control field 01491nam a2200253 a 4500
008 - FIXED-LENGTH DATA ELEMENTS--GENERAL INFORMATION
fixed length control field 120416s1982 ||||||||||||||||| || u
050 ## - LIBRARY OF CONGRESS CALL NUMBER
Classification number HF 5686.C8 Har
100 ## - MAIN ENTRY--PERSONAL NAME
Personal name Harper, W. M
245 10 - TITLE STATEMENT
Title Cost and management accounting: vol.II, management accounting
Statement of responsibility, etc. by W. M. Harper
260 ## - PUBLICATION, DISTRIBUTION, ETC.
Place of publication, distribution, etc. London:
Name of publisher, distributor, etc. Pitman
Date of publication, distribution, etc. 1982
300 ## - PHYSICAL DESCRIPTION
Extent xiii, 443p. : ill.
350 ## -
-- 0.00
490 ## -
-- The M & E series
500 ## - GENERAL NOTE
General note SB LIBRARY HAS 21 COPIES
650 #0 - SUBJECT ADDED ENTRY--TOPICAL TERM
Topical term or geographic name entry element MANAGERIAL ACCOUNTING
650 #0 - SUBJECT ADDED ENTRY--TOPICAL TERM
Topical term or geographic name entry element ACCOUNTING--HANDBOOKS, MANUALS, ETC
650 #0 - SUBJECT ADDED ENTRY--TOPICAL TERM
Topical term or geographic name entry element COST ACCOUNTING
995 ## -
-- MAIN LIBRARY OPEN ACCESS
-- 0.00
-- 726055
-- CBU-MAIN LIBRARY (Kitwe)
-- 1
-- 14.85
-- HF 5686.C8 Har
-- 1
-- LOST
-- 726055
-- Main Library Open Access Collection
995 ## -
-- TEXTBOOKS (SB)
-- 0.00
-- 1058
-- CBU-SCHOOL TEXTBOOK COLLECTIONS
-- 1
-- 0.00
-- SCHOOL TEXTBOOK
-- AVAILABLE
-- Sep 17, 2009
-- 1058
-- School Collections
995 ## -
-- TEXTBOOKS (SB)
-- 0.00
-- 1059
-- CBU-SCHOOL TEXTBOOK COLLECTIONS
-- 1
-- 0.00
-- SCHOOL TEXTBOOK
-- 2
-- AVAILABLE
-- Sep 17, 2009
-- 1059
-- School Collections
995 ## -
-- TEXTBOOKS (SB)
-- 0.00
-- 1060
-- CBU-SCHOOL TEXTBOOK COLLECTIONS
-- 1
-- 0.00
-- SCHOOL TEXTBOOK
-- 3
-- AVAILABLE
-- Sep 17, 2009
-- 1060
-- School Collections
995 ## -
-- TEXTBOOKS (SB)
-- 0.00
-- 1061
-- CBU-SCHOOL TEXTBOOK COLLECTIONS
-- 1
-- 0.00
-- SCHOOL TEXTBOOK
-- 4
-- AVAILABLE
-- Sep 17, 2009
-- 1061
-- School Collections
995 ## -
-- TEXTBOOKS (SB)
-- 0.00
-- 1062
-- CBU-SCHOOL TEXTBOOK COLLECTIONS
-- 1
-- 0.00
-- SCHOOL TEXTBOOK
-- 5
-- AVAILABLE
-- Sep 17, 2009
-- 1062
-- School Collections
999 ## -
-- 62558
-- 62558
Holdings
Withdrawn status Lost status Source of classification or shelving scheme Damaged status Not for loan Permanent Location Current Location Shelving location Date acquired Total Checkouts Full call number Barcode Date last seen Price effective from Koha item type
          CBU-MAIN LIBRARY, KITWE. CBU-MAIN LIBRARY, KITWE.   12/13/2022   HF 5686.C8 Har 726055 12/13/2022 12/13/2022 MONOGRAPH
          CBU-SCHOOL TEXT BOOK COLLECTION CBU-MAIN LIBRARY, KITWE.   12/13/2022   HF 5686.C8 Har 1058 12/13/2022 12/13/2022 MONOGRAPH
          CBU-SCHOOL TEXT BOOK COLLECTION CBU-MAIN LIBRARY, KITWE.   12/13/2022   HF 5686.C8 Har 1059 12/13/2022 12/13/2022 MONOGRAPH
          CBU-SCHOOL TEXT BOOK COLLECTION CBU-MAIN LIBRARY, KITWE.   12/13/2022   HF 5686.C8 Har 1060 12/13/2022 12/13/2022 MONOGRAPH
          CBU-SCHOOL TEXT BOOK COLLECTION CBU-MAIN LIBRARY, KITWE.   12/13/2022   HF 5686.C8 Har 1061 12/13/2022 12/13/2022 MONOGRAPH
          CBU-SCHOOL TEXT BOOK COLLECTION CBU-MAIN LIBRARY, KITWE.   12/13/2022   HF 5686.C8 Har 1062 12/13/2022 12/13/2022 MONOGRAPH